| 000 | 00688cam a2200253 4500500 | ||
|---|---|---|---|
| 005 | 20260405003526.0 | ||
| 041 | _afre | ||
| 042 | _adc | ||
| 100 | 1 | 0 |
_aNathan, Tobie _eauthor |
| 245 | 0 | 0 | _aSneakers. Larmes d’arbre au bout des pieds |
| 260 | _c2022. | ||
| 500 | _a100 | ||
| 690 | _aArbre | ||
| 690 | _aChaussure | ||
| 690 | _aChaussures | ||
| 690 | _aLarmes | ||
| 690 | _aMarche | ||
| 690 | _aMode | ||
| 690 | _aSport | ||
| 690 | _aTobie Nathan | ||
| 690 | _aUrbain | ||
| 786 | 0 | _nPhilosophie magazine | 161 | 8 | 2022-07-01 | p. 14-14 | 1951-1787 | |
| 856 | 4 | 1 | _uhttps://shs.cairn.info/magazine-philosophie-magazine-2022-8-page-14?lang=fr&redirect-ssocas=7080 |
| 999 |
_c2068372 _d2068372 |
||